|
|
|
|
| LEADER |
00633nam a2200217 a 4500 |
| 001 |
000058981 |
| 003 |
CZ BrMZK |
| 005 |
19960313143423.0 |
| 008 |
950313s1994 xr f cze d |
| 040 |
|
|
|a BOA001
|b cze
|
| 080 |
|
|
|a 885.0-312.4
|2 MRF
|
| 100 |
1 |
|
|a Kraus, Pavel,
|d 1936-1995
|7 jk01063081
|4 aut
|
| 245 |
1 |
0 |
|a Smrt na horské chatě /
|c Pavel Kraus
|
| 250 |
|
|
|a 1. vyd.
|
| 260 |
|
|
|a Praha :
|b BB art,
|c 1994
|
| 300 |
|
|
|a 247 s.
|
| 490 |
1 |
|
|a Edice 33 ;
|v 1
|
| 830 |
|
0 |
|a Edice 33
|
| 910 |
|
|
|a BOA001
|b D-1017.166
|
| 990 |
|
|
|a BK
|
| 996 |
6 |
|
|b 2610032426
|c D-1017.166
|l MZK
|r Sklad / do 24 hodin
|n 0
|p p.v.
|w 000058981
|u 000010
|a 1
|e BOA001
|j MZK50
|s P
|